Factors affecting the instructors'/professors' burnout of the Cavite State University (CvSU), Rosario Campus, S.Y. 2002-2003 / (Record no. 4041)

MARC details
000 -LEADER
fixed length control field 01253nam a22002897a 4500
003 - CONTROL NUMBER IDENTIFIER
control field OSt
005 - DATE AND TIME OF LATEST TRANSACTION
control field 20250529021337.0
008 - FIXED-LENGTH DATA ELEMENTS--GENERAL INFORMATION
fixed length control field 250325b ||||| |||| 00| 0 eng d
040 ## - CATALOGING SOURCE
Language of cataloging English.
Transcribing agency CvSU-CCAT Campus Library.
Description conventions rda.
050 ## - LIBRARY OF CONGRESS CALL NUMBER
Classification number UM HF 5548.85
Item number R63 2003
100 ## - MAIN ENTRY--PERSONAL NAME
Personal name Roa, Lina S., author.
9 (RLIN) 15707
245 ## - TITLE STATEMENT
Title Factors affecting the instructors'/professors' burnout of the Cavite State University (CvSU), Rosario Campus, S.Y. 2002-2003 /
Statement of responsibility, etc. Lina S. Roa, Necei L. Nebril, Joel A. Vergara.
260 ## - PUBLICATION, DISTRIBUTION, ETC.
Place of publication, distribution, etc. Rosario, Cavite :
Name of publisher, distributor, etc. Cavite State University-CCAT Campus,
Date of publication, distribution, etc. 2003
300 ## - PHYSICAL DESCRIPTION
Extent xi, 27 leaves :
Other physical details illustrations ;
Dimensions 28 cm
500 ## - GENERAL NOTE
General note Undergraduate Thesis (BSIE)--Cavite State University-CCAT Campus, 2003.
504 ## - BIBLIOGRAPHY, ETC. NOTE
Bibliography, etc. note Includes bibliographical references and appendices.
546 ## - LANGUAGE NOTE
Language note In English text
650 ## - SUBJECT ADDED ENTRY--TOPICAL TERM
Topical term or geographic name entry element Work-related stress.
9 (RLIN) 15994
650 ## - SUBJECT ADDED ENTRY--TOPICAL TERM
Topical term or geographic name entry element Burnout factors in teaching.
9 (RLIN) 15995
650 ## - SUBJECT ADDED ENTRY--TOPICAL TERM
Topical term or geographic name entry element Instructor burnout.
9 (RLIN) 15996
650 ## - SUBJECT ADDED ENTRY--TOPICAL TERM
Topical term or geographic name entry element Professor burnout.
9 (RLIN) 15997
700 ## - ADDED ENTRY--PERSONAL NAME
Personal name Nebril, Necei L., author.
9 (RLIN) 15708
700 ## - ADDED ENTRY--PERSONAL NAME
Personal name Vergara, Joel A., author.
9 (RLIN) 15709
700 ## - ADDED ENTRY--PERSONAL NAME
Personal name Lisondra, Remedios G., adviser.
9 (RLIN) 9972
942 ## - ADDED ENTRY ELEMENTS (KOHA)
Source of classification or shelving scheme Library of Congress Classification
Koha item type Thesis/Manuscripts/Dissertations
Call number prefix UM
Classification part HF 5548.85 R63 2003
Holdings
Withdrawn status Lost status Source of classification or shelving scheme Damaged status Not for loan Collection code Home library Current library Shelving location Date acquired Coded location qualifier Full call number Barcode Date last seen Copy number Price effective from Koha item type
    Library of Congress Classification     Thesis/Manuscript/Dissertation Cavite State University - CCAT Campus Cavite State University - CCAT Campus TH 06/25/2003 UM UM HF 5548.85 R63 2003 T0000067 10/24/2025 1 03/25/2025 Thesis/Manuscripts/Dissertations